|
|
|
|
| LEADER |
00000nab a2200000 a 4500 |
| 001 |
vtls000026967 |
| 003 |
SK-MaSNL |
| 005 |
20260304062126.0 |
| 008 |
250422c1979 xo 0 slo |
| 015 |
|
|
|a SNBRB19rr/mm-uuuuu
|
| 035 |
|
|
|a CL0037061
|
| 035 |
|
|
|a (urnnbn)urn:nbn:sk:snk:ar-004vfl
|
| 035 |
|
|
|a (uuid)2bf6c812-a18b-42ec-bc85-ad7bd42e0852
|
| 035 |
|
|
|a urn:nbn:sk:snk-ab7u4l
|
| 040 |
|
|
|a SNKBUCL
|b slo
|c SNKBUCL
|e AACR2
|
| 041 |
0 |
|
|a slo
|
| 044 |
|
|
|a xo
|c SK
|
| 080 |
|
|
|a 329.15
|2 1981
|
| 080 |
|
|
|a 321
|2 1981
|
| 100 |
1 |
|
|a J.Č.
|4 aut
|9 5818
|
| 245 |
1 |
0 |
|a Pribičevič, B.: Uvod u teoriju savremenog socializma
|c J.Č. ; Ján Čierny, B. Pribičevič
|
| 650 |
0 |
7 |
|a komunistické strany
|2 snkbucl
|9 3597
|
| 650 |
0 |
7 |
|a hnutie komunistické
|2 snkbucl
|9 924757
|
| 650 |
0 |
7 |
|a socializmus
|2 snkbucl
|9 2151
|
| 655 |
|
7 |
|a články z novín a časopisov
|2 snkbucl
|9 267496
|
| 700 |
1 |
|
|a Čierny, Ján
|4 aut
|9 304655
|
| 700 |
1 |
|
|a Pribičevič, B.
|4 aut
|9 819229
|
| 773 |
0 |
|
|t Historický časopis
|g Roč. 27, č. 1 (1979), s. 125-126
|
| 787 |
0 |
8 |
|i Rec.:
|a Pribičevič, B.
|t Uvod u teoriju savremenog socializma
|d Beograd : Izdavačko, 1975
|
| 850 |
|
|
|a Slovenská národná knižnica
|
| 852 |
|
|
|a Slovenská národná knižnica
|
| 954 |
|
|
|a odborná, vedecká literatúra pôvodná (slovenská)
|2 lita
|
| 958 |
|
|
|a article9
|
| 958 |
|
|
|a OND
|
| 958 |
|
|
|a RK
|
| 958 |
|
|
|a EUIPO
|
| 992 |
|
|
|a RBX
|
| 999 |
|
|
|c 2736608
|d 2738538
|